Quaid's Correspondence / (Record no. 187489)

000 -LEADER
fixed length control field 00674 a2200181 4500
003 - CONTROL NUMBER IDENTIFIER
control field Nust
005 - DATE AND TIME OF LATEST TRANSACTION
control field 20230206114840.0
040 ## - CATALOGING SOURCE
Transcribing agency Nust
082 ## - DEWEY DECIMAL CLASSIFICATION NUMBER
Classification number 954.9042,QUA
100 ## - MAIN ENTRY--PERSONAL NAME
Personal name Pirzada, Sharifuddin
9 (RLIN) 108648
245 ## - TITLE STATEMENT
Title Quaid's Correspondence /
Statement of responsibility, etc. Syed Sharifuddin Pirzada,
260 ## - PUBLICATION, DISTRIBUTION, ETC.
Place of publication, distribution, etc. Rawalpindi
Name of publisher, distributor, etc. Services Book Club
Date of publication, distribution, etc. 1987
300 ## - PHYSICAL DESCRIPTION
Extent xxiv, 451 p
Other physical details illus
Dimensions 24 cm
505 ## - FORMATTED CONTENTS NOTE
Formatted contents note Abbas Khan (Page-1), Abdul Haq Moulvi (Page23), Altaf Hussain (Page-34), Barakt ali Malik (Page-37), Cabint Mission (Page-51), Fazlul Huque (Page-81), Haroon, Sir Abdullah (Page-143).
600 ## - SUBJECT ADDED ENTRY--PERSONAL NAME
Personal name Pirzada, Sharifuddin
9 (RLIN) 108648
650 ## - SUBJECT ADDED ENTRY--TOPICAL TERM
Topical term or geographic name entry element Quaid Communication
9 (RLIN) 108649
942 ## - ADDED ENTRY ELEMENTS (KOHA)
Source of classification or shelving scheme
Koha item type Book
Holdings
Withdrawn status Lost status Source of classification or shelving scheme Damaged status Not for loan Permanent Location Current Location Shelving location Date acquired Shelving control number Full call number Barcode Date last seen Price effective from Koha item type Public note
          Military College of Signals (MCS) Military College of Signals (MCS) General Stacks 12/12/2016 Pakistan History 954.9042,QUA MCS2035 12/08/2016 12/12/2016 Book Almirah No.62, Shelf No.1
© 2023 Central Library, National University of Sciences and Technology. All Rights Reserved.